[Event "PRO League Atlantic 2017"]
[Site "chess.com INT"]
[Date "2017.01.11"]
[Round "1"]
[White "Charbonneau, Pascal"]
[Black "Preotu, Razvan"]
[Result "0-1"]
[WhiteTitle "GM"]
[BlackTitle "GM"]
[WhiteElo "2505"]
[BlackElo "2495"]
[WhiteTeam "Montclair Sopranos"]
[BlackTeam "Toronto Dragons"]
[WhiteFideId "2602504"]
[BlackFideId "2613280"]
[EventDate "2017.01.11"]

1. d4 Nf6 2. c4 e6 3. Nc3 Bb4 4. e3 O-O 5. Ne2 d5 6. a3 Be7 7. cxd5 exd5 8. Nf4
c6 9. Bd3 a5 10. O-O Na6 11. f3 Nc7 12. Bd2 Ne6 13. Nfe2 b5 14. Be1 Ba6 15. Bf2
b4 16. Na4 bxa3 17. bxa3 c5 18. Bxa6 Rxa6 19. dxc5 Nxc5 20. Nac3 a4 21. Nd4 Qd7
22. Qc2 Rc8 23. Rfc1 Raa8 24. Rab1 Ne6 25. Ndb5 d4 26. exd4 Nd5 27. Qe4 Nef4 28.
Bg3 f5 29. Qc2 Nxc3 30. Nxc3 Rxc3 31. Qa2+ Qd5 0-1

[Event "PRO League Atlantic 2017"]
[Site "chess.com INT"]
[Date "2017.01.11"]
[Round "1"]
[White "Noritsyn, Nikolay"]
[Black "Smith, Daniel S"]
[Result "1-0"]
[WhiteTitle "IM"]
[WhiteElo "2468"]
[BlackElo "2070"]
[WhiteTeam "Toronto Dragons"]
[BlackTeam "Montclair Sopranos"]
[WhiteFideId "2604922"]
[BlackFideId "2024195"]
[EventDate "2017.01.11"]

1. d4 d5 2. c4 c6 3. Nf3 Nf6 4. e3 a6 5. b3 Bg4 6. h3 Bxf3 7. Qxf3 e6 8. Bd3
Nbd7 9. O-O e5 10. cxd5 cxd5 11. e4 exd4 12. exd5 Bb4 13. a3 Ba5 14. b4 Bc7 15.
Re1+ Ne5 16. Bf4 Nd7 17. Bxe5 Bxe5 18. Qf5 f6 19. f4 Qe7 20. fxe5 Nxe5 21. Nd2
g6 22. Qe4 O-O-O 23. Nc4 Rhe8 24. Qxd4 Qf7 25. Nxe5 fxe5 26. Rxe5 Qg7 27. Rae1
Kb8 28. Qf4 Qc7 29. Qe3 Rf8 30. Re7 Qd6 31. Qe5 Qxe5 32. R1xe5 Rf4 33. Be4 Rxe4
34. Rxe4 1-0

[Event "PRO League Atlantic 2017"]
[Site "chess.com INT"]
[Date "2017.01.11"]
[Round "1"]
[White "Noritsyn, Nikolay"]
[Black "Arnold, Marc T"]
[Result "1-0"]
[WhiteTitle "IM"]
[BlackTitle "GM"]
[WhiteElo "2468"]
[BlackElo "2524"]
[WhiteTeam "Toronto Dragons"]
[BlackTeam "Montclair Sopranos"]
[WhiteFideId "2604922"]
[BlackFideId "2022320"]
[EventDate "2017.01.11"]

1. d4 Nf6 2. Nf3 e6 3. c4 d5 4. Nc3 dxc4 5. e3 c5 6. Bxc4 a6 7. O-O b5 8. Bb3
Bb7 9. Qe2 Nbd7 10. Rd1 Qc7 11. e4 cxd4 12. Nxd4 b4 13. Nd5 exd5 14. exd5+ Qe5
15. Qxe5+ Nxe5 16. Re1 Ng4 17. Bf4 f6 18. h3 Bc5 19. Rad1 Nh6 20. Ne6 Bb6 21.
Nxg7+ Kf7 22. Bxh6 Kg6 23. Nf5 Rac8 24. Be3 Bxe3 25. Nxe3 Rhd8 26. f4 Nf7 27.
Bc2+ Kg7 28. Bf5 Rc7 29. Be6 Nd6 30. Rc1 Re7 31. Re2 Rde8 32. f5 h5 33. Rec2 Kh6
34. h4 Rg7 35. Rc7 Ree7 36. Rxe7 Rxe7 37. Nc4 Nxf5 38. Bxf5 Bxd5 39. Bd3 Rg7 40.
Bf1 f5 41. Ne3 Be4 42. Rc5 Kg6 43. Be2 Rd7 44. Bf3 Bxf3 45. gxf3 Rd2 46. Rc6+
Kf7 47. Nxf5 a5 48. Ra6 Rxb2 49. Rxa5 Kf6 50. Ng3 1-0

[Event "PRO League Atlantic 2017"]
[Site "chess.com INT"]
[Date "2017.01.11"]
[Round "1"]
[White "Mareco, Sandro"]
[Black "Fishbein, Alexander"]
[Result "1-0"]
[WhiteTitle "GM"]
[BlackTitle "GM"]
[WhiteElo "2645"]
[BlackElo "2481"]
[WhiteTeam "Buenos Aires Krakens"]
[BlackTeam "New Jersey Knockouts"]
[WhiteFideId "112275"]
[BlackFideId "2000377"]
[EventDate "2017.01.11"]

1. d4 Nf6 2. c4 g6 3. Nc3 Bg7 4. e4 d6 5. Nf3 O-O 6. Be2 e5 7. O-O c6 8. d5 Na6
9. Bg5 h6 10. Bh4 g5 11. Bg3 Nh5 12. Nd2 Nf4 13. Bg4 Nc5 14. h3 a5 15. Rb1 Qf6
16. Re1 Qg6 17. Nf1 Ncd3 18. Re3 f5 19. exf5 Bxf5 20. Bxf5 Qxf5 21. Qd2 cxd5 22.
cxd5 Rac8 23. Bxf4 Nxf4 24. Ne4 Qd7 25. Qxa5 Rc2 26. Qb4 Kh8 27. Qb3 Qc7 28. Nc3
Nxh3+ 29. Rxh3 Rfxf2 30. Ne3 Qc5 31. Nxc2 Rxc2+ 32. Kh1 Qf2 33. Rh2 g4 34. Ne4
Qe2 35. Ng3 Qd2 36. Rf1 Rxb2 37. Qa4 Qd3 38. Qxg4 Rc2 39. Qf3 Qc4 40. Rh5 Rc3
41. Qe2 Qxd5 42. Nf5 Ra3 43. Nxg7 Rxa2 44. Qg4 1-0

[Event "PRO League Atlantic 2017"]
[Site "chess.com INT"]
[Date "2017.01.11"]
[Round "1"]
[White "Erenburg, Sergey"]
[Black "Giannatos, Peter"]
[Result "1-0"]
[WhiteTitle "GM"]
[WhiteElo "2570"]
[BlackElo "2284"]
[WhiteTeam "Philadelphia Inventors"]
[BlackTeam "Carolina Cobras"]
[WhiteFideId "2805642"]
[BlackFideId "2041650"]
[EventDate "2017.01.11"]

1. e4 e6 2. Qe2 b6 3. g3 Bb7 4. Bg2 d5 5. exd5 Bxd5 6. Nf3 Nf6 7. Nc3 Bb7 8. d4
Be7 9. O-O O-O 10. Rd1 Nbd7 11. Be3 Qc8 12. Ne5 Bxg2 13. Kxg2 c5 14. Nxd7 Qxd7
15. dxc5 Qc6+ 16. Qf3 Qxf3+ 17. Kxf3 Bxc5 18. Bxc5 bxc5 19. Rd6 Rab8 20. Rb1
Rfd8 21. Rbd1 Rdc8 22. b3 c4 23. b4 Ne8 24. Rd7 Rxb4 25. Rxa7 Nf6 26. Rc7 Ra8
27. Rd4 g5 28. Rcxc4 Rb2 29. Rd2 Ra3 30. Ke2 Kg7 31. Kd1 h6 32. Kc1 Rb7 33. Rd3
Rb8 34. h4 Ra5 35. hxg5 hxg5 36. a4 Kg6 37. f3 Nh5 38. g4 Nf4 39. Rd7 Nd5 40.
Nxd5 Rxd5 41. Rxd5 exd5 42. Rc6+ f6 43. a5 Rb5 44. a6 Kf7 45. Kd2 Ra5 46. Kd3
Ra4 47. Kc3 Ke7 48. Kb3 Ra1 49. Kb4 d4 50. Kc5 d3 51. cxd3 Kd7 52. Rxf6 1-0

[Event "PRO League Atlantic 2017"]
[Site "chess.com INT"]
[Date "2017.01.11"]
[Round "1"]
[White "Erenburg, Sergey"]
[Black "Cremisi, Daniel Josef"]
[Result "1-0"]
[WhiteTitle "GM"]
[WhiteElo "2570"]
[BlackElo "2148"]
[WhiteTeam "Philadelphia Inventors"]
[BlackTeam "Carolina Cobras"]
[WhiteFideId "2805642"]
[BlackFideId "2089882"]
[EventDate "2017.01.11"]

1. e4 e6 2. Qe2 Be7 3. Nf3 d5 4. d3 dxe4 5. dxe4 b6 6. Nbd2 c5 7. g3 Bb7 8. Bg2
Nf6 9. O-O O-O 10. Rd1 Qc7 11. e5 Nd5 12. Nc4 Rd8 13. Bg5 Ba6 14. Qe4 Bxc4 15.
Qxc4 Nc6 16. Qe4 Nxe5 17. Qxe5 Qxe5 18. Nxe5 Bxg5 19. c4 Bf6 20. Nc6 Bxb2 21.
Nxd8 Bxa1 22. Rxa1 Rxd8 23. Rd1 Kf8 24. cxd5 exd5 25. Rxd5 Rxd5 26. Bxd5 f6 27.
Kf1 Ke7 28. Ke2 Kd6 29. Bc4 Ke5 30. Ke3 g5 31. f4+ gxf4+ 32. gxf4+ Kd6 33. Ke4
Kc6 34. a4 Kd6 35. Kf5 Ke7 36. h3 1-0

[Event "PRO League Atlantic 2017"]
[Site "chess.com INT"]
[Date "2017.01.11"]
[Round "1"]
[White "Hua, Lefong"]
[Black "Yudasin, Leonid"]
[Result "0-1"]
[WhiteTitle "FM"]
[BlackTitle "GM"]
[WhiteElo "2333"]
[BlackElo "2517"]
[WhiteTeam "Montreal ChessBrahs"]
[BlackTeam "New York Knights"]
[WhiteFideId "2602253"]
[BlackFideId "2802341"]
[EventDate "2017.01.11"]

1. d4 Nf6 2. c4 e6 3. Nc3 Bb4 4. f3 d5 5. a3 Be7 6. e4 c5 7. cxd5 exd5 8. e5
Nfd7 9. f4 Nc6 10. Nf3 Nb6 11. Be3 cxd4 12. Nxd4 O-O 13. Be2 Nc4 14. Nxc6 bxc6
15. Bxc4 dxc4 16. O-O Bf5 17. Qf3 Bd3 18. Rf2 Qd7 19. f5 Rfe8 20. Re1 Bf8 21. e6
fxe6 22. f6 gxf6 23. Qxf6 Bg7 24. Qg5 Rf8 25. Bc5 Rxf2 26. Bxf2 Rf8 27. Qg4 Rf5
28. h4 h6 29. Ne4 Kh7 30. Nc5 Qf7 31. Nxd3 cxd3 32. Qe4 Kh8 33. Bg3 Rd5 34. Rd1
Qf5 35. Qb4 a5 36. Qb8+ Kh7 37. Kh2 a4 38. Qc7 c5 39. Rd2 e5 40. Rf2 Qd7 41.
Qxd7 Rxd7 42. Rd2 e4 43. Bf2 Bd4 44. Bxd4 cxd4 45. Kg3 Rg7+ 46. Kf4 e3 47. Rxd3
e2 48. Re3 dxe3 0-1

[Event "PRO League Atlantic 2017"]
[Site "chess.com INT"]
[Date "2017.01.11"]
[Round "1"]
[White "Hua, Lefong"]
[Black "Paragua, Mark"]
[Result "0-1"]
[WhiteTitle "FM"]
[BlackTitle "GM"]
[WhiteElo "2333"]
[BlackElo "2492"]
[WhiteTeam "Montreal ChessBrahs"]
[BlackTeam "New York Knights"]
[WhiteFideId "2602253"]
[BlackFideId "5201241"]
[EventDate "2017.01.11"]

1. d4 Nf6 2. c4 g6 3. Nc3 Bg7 4. e4 d6 5. f4 O-O 6. Nf3 Na6 7. Be2 e5 8. fxe5
dxe5 9. d5 Nh5 10. O-O Nf4 11. Bxf4 exf4 12. Qd2 c6 13. Kh1 Qb6 14. e5 Bg4 15.
Rae1 Rae8 16. dxc6 bxc6 17. Qxf4 Bxf3 18. Bxf3 Nc5 19. Qd4 Rd8 20. Qe3 Rfe8 21.
Qg5 Nd3 22. Re2 Rxe5 23. Rxe5 Nxe5 24. Be2 Re8 25. Qc1 Qd4 26. b3 Nd3 27. Bxd3
Qxd3 28. Rd1 Qxc3 0-1

[Event "PRO League Atlantic 2017"]
[Site "chess.com INT"]
[Date "2017.01.11"]
[Round "1"]
[White "Pacheco, Daniel"]
[Black "Shen, Christopher Y"]
[Result "1-0"]
[WhiteTitle "FM"]
[BlackTitle "CM"]
[WhiteElo "2279"]
[BlackElo "2165"]
[WhiteTeam "Patagonia Penguins"]
[BlackTeam "Columbus Cardinals"]
[WhiteFideId "101680"]
[BlackFideId "2090635"]
[EventDate "2017.01.11"]

1. d4 d6 2. Bf4 g6 3. Nc3 Bg7 4. Nf3 Nf6 5. Qd2 h6 6. h4 Nbd7 7. e4 Nh5 8. Be3
Ndf6 9. Nh2 Ng4 10. Nxg4 Bxg4 11. Bc4 c6 12. f3 Bd7 13. g4 Nf6 14. e5 Ng8 15.
exd6 exd6 16. O-O-O d5 17. Rde1 Ne7 18. Be2 Be6 19. f4 Qd7 20. Rhg1 Bf6 21. h5
O-O-O 22. Na4 b6 23. Qb4 Qb7 24. hxg6 fxg6 25. g5 hxg5 26. fxg5 Bg7 27. Bf4 Nf5
28. Ba6 Qxa6 29. Rxe6 Qb7 30. c3 Rhe8 31. Rge1 Qd7 32. Nxb6+ axb6 33. Qxb6 Nd6
34. Bxd6 Qxd6 35. Rxd6 Rxe1+ 36. Kd2 Rxd6 37. Kxe1 Bf8 38. a4 Be7 39. a5 Bd8 40.
Qa7 Bc7 41. a6 Kd7 42. Qb7 Re6+ 43. Kd1 Re8 44. a7 1-0

[Event "PRO League Atlantic 2017"]
[Site "chess.com INT"]
[Date "2017.01.11"]
[Round "1"]
[White "Pacheco, Daniel"]
[Black "Wang, Jason"]
[Result "1-0"]
[WhiteTitle "FM"]
[WhiteElo "2279"]
[BlackElo "2006"]
[WhiteTeam "Patagonia Penguins"]
[BlackTeam "Columbus Cardinals"]
[WhiteFideId "101680"]
[BlackFideId "30908124"]
[EventDate "2017.01.11"]

1. d4 d5 2. Nf3 c5 3. Bf4 Nc6 4. e3 Nf6 5. c3 Qb6 6. Na3 a6 7. Qb3 Qxb3 8. axb3
cxd4 9. Nb5 Kd8 10. Ng5 e5 11. Nxf7+ Ke7 12. Nxe5 Nxe5 13. Bxe5 dxe3 14. fxe3
Bf5 15. Nd6 Ke6 16. Bxf6 Kxd6 17. Bd4 Rg8 18. Be2 Be7 19. O-O Be4 20. b4 Raf8
21. Bc5+ Kd7 22. Bg4+ Kd8 23. Bb6+ Ke8 24. Bc8 Rf6 25. Bd4 Rg6 26. g3 Rf8 27.
Bxb7 Rxf1+ 28. Kxf1 Kd7 29. Rxa6 Rg5 30. Ra7 Ke6 31. Bc8+ Kf7 32. Bc5 Rf5+ 33.
Bxf5 1-0

[Event "PRO League Atlantic 2017"]
[Site "chess.com INT"]
[Date "2017.01.11"]
[Round "1"]
[White "Wang, Tianqi"]
[Black "Minear, Peter"]
[Result "0-1"]
[WhiteElo "2199"]
[BlackElo "2209"]
[WhiteTeam "Carolina Cobras"]
[BlackTeam "Philadelphia Inventors"]
[WhiteFideId "2063824"]
[BlackFideId "2015528"]
[EventDate "2017.01.11"]

1. Nf3 Nf6 2. c4 g6 3. b3 Bg7 4. Bb2 O-O 5. e3 d6 6. Be2 e5 7. d3 Nc6 8. a3 a5
9. Nbd2 Re8 10. Qc2 Bf5 11. O-O Qe7 12. Rfd1 e4 13. dxe4 Nxe4 14. Nxe4 Bxe4 15.
Qc1 Ne5 16. Ne1 b6 17. Bf1 h5 18. b4 axb4 19. axb4 Rxa1 20. Bxa1 Ra8 21. Bc3 Qh4
22. h3 Bb7 23. Qb2 Qf6 24. Rc1 g5 25. c5 Bd5 26. cxb6 cxb6 27. Qb1 g4 28. hxg4
hxg4 29. Bd4 g3 30. fxg3 Qg5 31. e4 Be6 32. Bf2 Bh6 33. Rd1 Ng4 34. Nf3 Qg7 35.
Bd4 Ne5 36. Nxe5 dxe5 37. Bf2 Kh7 38. Qd3 Ra2 39. Bxb6 Bg4 40. Rb1 Qf6 41. Be3
Bxe3+ 42. Qxe3 Qc6 43. b5 Qc2 44. Rc1 Qb2 45. Rc6 Be6 46. Kh2 Ra1 47. Bd3 Ra2
48. Rc2 Qb3 49. Rxa2 Qxa2 50. b6 Qb3 51. Be2 Qxe3 0-1

[Event "PRO League Atlantic 2017"]
[Site "chess.com INT"]
[Date "2017.01.11"]
[Round "1"]
[White "Wang, Tianqi"]
[Black "Erenburg, Sergey"]
[Result "0-1"]
[BlackTitle "GM"]
[WhiteElo "2199"]
[BlackElo "2570"]
[WhiteTeam "Carolina Cobras"]
[BlackTeam "Philadelphia Inventors"]
[WhiteFideId "2063824"]
[BlackFideId "2805642"]
[EventDate "2017.01.11"]

1. d4 d5 2. Nf3 Nf6 3. Bf4 c5 4. c3 Nc6 5. Nbd2 e6 6. e3 Nh5 7. Bg3 Nxg3 8. hxg3
Bd6 9. Bd3 h6 10. Qe2 Qe7 11. dxc5 Bxc5 12. e4 d4 13. e5 dxc3 14. bxc3 Qc7 15.
g4 Bd7 16. a4 O-O-O 17. O-O f6 18. Nc4 h5 19. g5 Be7 20. a5 fxg5 21. Rfb1 g4 22.
Nd4 Nxd4 23. cxd4 Bc6 24. a6 b6 25. Qe3 Kb8 26. Na5 Bd5 27. Be4 Bg5 28. Qd3 Rc8
29. Bxd5 exd5 30. Qg6 Bd2 31. Nb7 Bc3 32. Rc1 Qe7 33. Nd6 Bxa1 34. Nxc8 Rxc8 35.
Rxa1 Rc4 36. Rd1 Kc7 37. Qxh5 g3 38. fxg3 b5 39. Qh8 Kb6 40. Ra1 Qc7 41. Kh2 Rc6
42. Qa8 Qc8 43. Qxc8 Rxc8 44. g4 b4 45. Kg3 Kb5 46. Kf4 Rf8+ 47. Kg5 b3 48. e6
Kb4 49. Re1 b2 50. Kg6 Rf6+ 51. Kxg7 Rxe6 52. Rxe6 b1=Q 53. Re7 Qa1 54. Rb7+ Kc4
55. Rc7+ Kd3 56. g5 Qxd4+ 57. Kh7 Qh4+ 58. Kg6 Qe4+ 59. Kh6 Qe3 60. Kg6 Qb6+ 0-1

[Event "PRO League Atlantic 2017"]
[Site "chess.com INT"]
[Date "2017.01.11"]
[Round "1"]
[White "Vovk, Andriy"]
[Black "Balleisen, Aaron S"]
[Result "1-0"]
[WhiteTitle "GM"]
[WhiteElo "2633"]
[BlackElo "2127"]
[WhiteTeam "Philadelphia Inventors"]
[BlackTeam "Carolina Cobras"]
[WhiteFideId "14114470"]
[BlackFideId "2087073"]
[EventDate "2017.01.11"]

1. e4 c5 2. Nf3 Nc6 3. d4 cxd4 4. Nxd4 Nf6 5. Nc3 d6 6. f3 e6 7. Be3 Bd7 8. Qd2
a6 9. O-O-O Rc8 10. g4 h6 11. h4 Be7 12. Qf2 Nb4 13. a3 Rxc3 14. axb4 Rc7 15.
Kb1 g6 16. Nb3 Qb8 17. Ba7 Qa8 18. Bb6 Rc8 19. Be2 Ba4 20. g5 Nd7 21. Bd4 e5 22.
Be3 h5 23. f4 Bxb3 24. cxb3 exf4 25. Bxf4 Ne5 26. Bxe5 dxe5 27. Bc4 O-O 28. Rd7
Rce8 29. Qb6 Qc8 30. Qxg6+ Kh8 31. Qh6+ Kg8 32. Qg6+ Kh8 33. Qxh5+ Kg8 34. Qg6+
Kh8 35. Qh6+ Kg8 36. Rxe7 Rxe7 37. Qg6+ Kh8 38. Qf6+ Kg8 39. Qxe7 Qg4 40. Qxe5
b5 41. Bd5 Qg2 42. Rc1 1-0

[Event "PRO League Atlantic 2017"]
[Site "chess.com INT"]
[Date "2017.01.11"]
[Round "1"]
[White "Vovk, Andriy"]
[Black "Wang, Tianqi"]
[Result "1-0"]
[WhiteTitle "GM"]
[WhiteElo "2633"]
[BlackElo "2199"]
[WhiteTeam "Philadelphia Inventors"]
[BlackTeam "Carolina Cobras"]
[WhiteFideId "14114470"]
[BlackFideId "2063824"]
[EventDate "2017.01.11"]

1. e4 c6 2. d4 d5 3. Nc3 dxe4 4. Nxe4 Nd7 5. Ng5 h6 6. Ne6 Qb6 7. Nxf8 Nxf8 8.
c3 Nf6 9. Qb3 Bf5 10. Nf3 Ng6 11. Bd2 Ne4 12. Be3 e6 13. h3 Nd6 14. c4 Qxb3 15.
axb3 Bc2 16. Nd2 Ne4 17. Nxe4 Bxe4 18. f3 Bc2 19. Kd2 Bxb3 20. Kc3 Bxc4 21. Bxc4
O-O 22. h4 a5 23. h5 Ne7 24. Rhc1 Nf5 25. Bf2 Rfc8 26. Bd3 Ne7 27. Be4 b5 28.
Kd2 f5 29. Bd3 Nd5 30. Bg3 Kf7 31. Be5 Nb4 32. g4 1-0

[Event "PRO League Atlantic 2017"]
[Site "chess.com INT"]
[Date "2017.01.18"]
[Round "2"]
[White "Balleisen, Aaron S"]
[Black "Feng, Maggie"]
[Result "1-0"]
[BlackTitle "WCM"]
[WhiteElo "2127"]
[BlackElo "2164"]
[WhiteTeam "Carolina Cobras"]
[BlackTeam "Columbus Cardinals"]
[WhiteFideId "2087073"]
[BlackFideId "2078090"]
[EventDate "2017.01.11"]

1. c4 e5 2. g3 Nc6 3. Nc3 Bc5 4. Bg2 a6 5. d3 d6 6. a3 Nge7 7. Nf3 Bg4 8. h3 Bf5
9. O-O Qd7 10. Kh2 O-O 11. b4 Ba7 12. Bb2 Rab8 13. Rc1 b5 14. Nd5 Nxd5 15. cxd5
Ne7 16. Nh4 Bg6 17. Nxg6 hxg6 18. e3 Bb6 19. Qe2 g5 20. Qh5 f6 21. Be4 f5 22.
Bg2 Rf6 23. Qxg5 Rh6 24. Rce1 Rf8 25. f4 Rg6 26. Qh5 Rh6 27. Qf3 Ng6 28. fxe5
dxe5 29. Rc1 Qd6 30. Rc6 Qd7 31. Re6 f4 32. gxf4 exf4 33. e4 Qf7 34. Qg4 Be3 35.
Bf3 Kh7 36. Qg5 Re8 37. Bg4 Bd2 38. Bf5 Be3 39. h4 Bd2 40. h5 Kg8 41. Bxg6 Rxg6
42. Rxg6 Re7 43. Rg1 f3 44. Qxd2 f2 45. Rxg7+ Qxg7 46. Rxg7+ Rxg7 47. Qxf2 Rh7
48. Qg3+ Kf7 49. Qg6+ Kf8 50. Qxh7 Ke8 51. Bf6 Kf8 52. Qg7+ Ke8 53. Qe7# 1-0

[Event "PRO League Atlantic 2017"]
[Site "chess.com INT"]
[Date "2017.01.18"]
[Round "2"]
[White "Balleisen, Aaron S"]
[Black "Wang, Jason"]
[Result "1-0"]
[WhiteElo "2127"]
[BlackElo "2006"]
[WhiteTeam "Carolina Cobras"]
[BlackTeam "Columbus Cardinals"]
[WhiteFideId "2087073"]
[BlackFideId "30908124"]
[EventDate "2017.01.11"]

1. c4 e5 2. g3 Nc6 3. Bg2 Bc5 4. Nc3 a6 5. d3 d6 6. a3 Ba7 7. b4 Nge7 8. Nf3 O-O
9. O-O Rb8 10. Bb2 Bg4 11. Rc1 f5 12. Nd5 Qd7 13. Nxe7+ Qxe7 14. Qb3 e4 15. c5+
Kh8 16. dxe4 fxe4 17. Nd4 dxc5 18. Nxc6 bxc6 19. Qe3 Rfe8 20. Rc4 Rb7 21. Rxe4
Be6 22. Bh3 cxb4 23. Qh6 Bg8 24. Rg4 1-0

[Event "PRO League Atlantic 2017"]
[Site "chess.com INT"]
[Date "2017.01.18"]
[Round "2"]
[White "Fishbein, Alexander"]
[Black "Hess, Robert L"]
[Result "0-1"]
[WhiteTitle "GM"]
[BlackTitle "GM"]
[WhiteElo "2481"]
[BlackElo "2571"]
[WhiteTeam "New Jersey Knockouts"]
[BlackTeam "Montclair Sopranos"]
[WhiteFideId "2000377"]
[BlackFideId "2022036"]
[EventDate "2017.01.11"]

1. e4 e5 2. Nf3 Nc6 3. d4 exd4 4. Bc4 Nf6 5. e5 d5 6. Bb5 Ne4 7. Nxd4 Bd7 8.
Bxc6 bxc6 9. O-O Qb8 10. Nd2 Nxd2 11. Qxd2 c5 12. Ne2 c6 13. f4 Be7 14. c4 d4
15. Ng3 O-O 16. b3 a5 17. Ba3 f5 18. exf6 Rxf6 19. Ne4 Rf5 20. Ng3 Rf7 21. Ne4
Qf8 22. Ng5 Rf5 23. g4 Rf6 24. f5 a4 25. Ne4 Rh6 26. f6 gxf6 27. Bxc5 Bxc5 28.
Nxc5 Bxg4 29. b4 Rg6 30. Kh1 Qg7 31. Qf2 Kh8 32. Rg1 Rg8 33. Rg3 h5 34. Rag1 Qf7
35. Ne4 Qxc4 36. Nxf6 Rf8 37. Rxg4 Rgxf6 38. Rg8+ Qxg8 39. Rxg8+ Kxg8 40. Qxd4
a3 41. Qc4+ Kg7 42. Qc3 Kg6 43. Qg3+ Kh6 44. Qe3+ Rf4 45. h3 h4 46. Kh2 Kg6 47.
Qe6+ R8f6 48. Qg8+ Kf5 49. Qh7+ Ke5 50. Qe7+ Kd4 51. Qc5+ Kd3 52. b5 Rf2+ 53.
Kh1 Rf1+ 54. Kg2 R6f2+ 55. Qxf2 Rxf2+ 56. Kxf2 cxb5 0-1

[Event "PRO League Atlantic 2017"]
[Site "chess.com INT"]
[Date "2017.01.18"]
[Round "2"]
[White "Fishbein, Alexander"]
[Black "Rozman, Levy"]
[Result "1-0"]
[WhiteTitle "GM"]
[BlackTitle "FM"]
[WhiteElo "2481"]
[BlackElo "2404"]
[WhiteTeam "New Jersey Knockouts"]
[BlackTeam "Montclair Sopranos"]
[WhiteFideId "2000377"]
[BlackFideId "2039877"]
[EventDate "2017.01.11"]

1. Nf3 d5 2. g3 Bg4 3. Bg2 Nd7 4. O-O c6 5. d3 e6 6. c4 Bd6 7. Nc3 h5 8. cxd5
cxd5 9. e4 h4 10. exd5 hxg3 11. fxg3 Ngf6 12. dxe6 fxe6 13. Be3 Qa5 14. Ne4 Be7
15. Nf2 Bh5 16. Qb3 Nd5 17. Bd2 Qa6 18. d4 N7f6 19. Rae1 Rc8 20. Ne4 O-O 21.
Neg5 Rc6 22. Ne5 Rc7 23. Qd3 Qxd3 24. Nxd3 Rc2 25. Rf2 Ng4 26. Rxf8+ Bxf8 27.
Bc1 Nb4 28. Nf4 Be8 29. Ngxe6 Bd6 30. Ng5 Bd7 31. a3 Bxf4 32. Bxf4 Nd3 33. Bd5+
Kh8 34. Nf7+ Kg8 35. Ne5+ 1-0

[Event "PRO League Atlantic 2017"]
[Site "chess.com INT"]
[Date "2017.01.18"]
[Round "2"]
[White "Szabo, Gergely-Andras-Gyula"]
[Black "Kleinman, Michael"]
[Result "1/2-1/2"]
[WhiteTitle "GM"]
[BlackTitle "FM"]
[WhiteElo "2549"]
[BlackElo "2289"]
[WhiteTeam "Toronto Dragons"]
[BlackTeam "Montreal ChessBrahs"]
[WhiteFideId "1205064"]
[BlackFideId "2609479"]
[EventDate "2017.01.11"]

1. e4 e6 2. d4 d5 3. Nc3 Bb4 4. e5 Ne7 5. a3 Bxc3+ 6. bxc3 b6 7. Qg4 Ng6 8. h4
h5 9. Qg3 Ba6 10. Bxa6 Nxa6 11. Nh3 Qd7 12. Qd3 Nb8 13. Bg5 Nc6 14. f4 Nge7 15.
Bxe7 Nxe7 16. Ng5 Qa4 17. Kd2 Nf5 18. g3 Ke7 19. Rhb1 a5 20. Rb3 Raf8 21. Rab1
Kd7 22. Ke1 Kc6 1/2-1/2

[Event "PRO League Atlantic 2017"]
[Site "chess.com INT"]
[Date "2017.01.18"]
[Round "2"]
[White "Abreu Delgado, Aryam"]
[Black "Barbosa, Oliver"]
[Result "0-1"]
[WhiteTitle "GM"]
[BlackTitle "GM"]
[WhiteElo "2452"]
[BlackElo "2518"]
[WhiteTeam "Miami Champions"]
[BlackTeam "New York Knights"]
[WhiteFideId "3502589"]
[BlackFideId "5201640"]
[EventDate "2017.01.11"]

1. e4 c6 2. Nc3 d5 3. Nf3 Bg4 4. h3 Bh5 5. exd5 cxd5 6. g4 Bg6 7. Ne5 Nc6 8. Bb5
Rc8 9. d4 e6 10. h4 f6 11. Nxg6 hxg6 12. Qd3 Kf7 13. Bxc6 Rxc6 14. Ne2 Bd6 15.
Bf4 Ne7 16. Bxd6 Qxd6 17. O-O-O a6 18. Kb1 b5 19. h5 Rcc8 20. f4 Qc7 21. hxg6+
Nxg6 22. f5 exf5 23. gxf5 Ne7 24. c3 Rh2 25. Qf3 Rch8 26. Rhg1 Qd7 27. Rdf1
Qxf5+ 28. Qxf5 Nxf5 29. Rxf5 Rxe2 30. Rxd5 g5 31. Rf1 Rhh2 32. Rxg5 Rxb2+ 33.
Kc1 Rxa2 34. Kb1 Rab2+ 35. Kc1 Rbc2+ 36. Kb1 Rxc3 37. Rgf5 Rc6 38. d5 Rd6 39.
Kc1 Rh4 40. Kc2 Rd4 41. Ra1 R4xd5 42. Rxd5 Rxd5 43. Rxa6 Kg6 44. Re6 Kg5 45. Re1
f5 46. Rg1+ Kf4 47. Rf1+ Kg3 0-1

[Event "PRO League Atlantic 2017"]
[Site "chess.com INT"]
[Date "2017.01.18"]
[Round "2"]
[White "Abreu Delgado, Aryam"]
[Black "Paragua, Mark"]
[Result "1-0"]
[WhiteTitle "GM"]
[BlackTitle "GM"]
[WhiteElo "2452"]
[BlackElo "2492"]
[WhiteTeam "Miami Champions"]
[BlackTeam "New York Knights"]
[WhiteFideId "3502589"]
[BlackFideId "5201241"]
[EventDate "2017.01.11"]

1. e4 c5 2. Nf3 e6 3. d4 cxd4 4. Nxd4 a6 5. c4 Nf6 6. Nc3 Qc7 7. Be3 Bb4 8. Qb3
Bxc3+ 9. Qxc3 Nxe4 10. Qa3 Nc6 11. Nxc6 Qxc6 12. Be2 b6 13. O-O Bb7 14. Bf3 Qc7
15. Qb4 Bc6 16. Bxe4 Bxe4 17. c5 Qb7 18. f3 Bc6 19. cxb6 f5 20. Qd6 Kf7 21. Bc5
Rhe8 22. Rfe1 Rac8 23. b4 Bd5 24. Rad1 Qc6 25. Qe5 a5 26. a3 axb4 27. axb4 Kg8
28. Bd4 Re7 29. Rc1 Qa8 30. Qd6 Kf7 31. Bxg7 Rxc1 32. Rxc1 Qa3 33. Bh6 Re8 34.
Qxd7+ Re7 35. Qd6 1-0

[Event "PRO League Atlantic 2017"]
[Site "chess.com INT"]
[Date "2017.01.18"]
[Round "2"]
[White "Barbosa, Oliver"]
[Black "Kumar, Nikhil"]
[Result "1-0"]
[WhiteTitle "GM"]
[BlackTitle "FM"]
[WhiteElo "2518"]
[BlackElo "2379"]
[WhiteTeam "New York Knights"]
[BlackTeam "Miami Champions"]
[WhiteFideId "5201640"]
[BlackFideId "30909040"]
[EventDate "2017.01.11"]

1. d4 d5 2. Nf3 Nf6 3. Bf4 e6 4. e3 Bd6 5. Bg3 O-O 6. Nbd2 c5 7. c3 Nc6 8. Bd3
b6 9. O-O Bxg3 10. hxg3 Bb7 11. Ne5 Rc8 12. f4 cxd4 13. exd4 Ne7 14. g4 Ne4 15.
Qe1 f6 16. Nef3 f5 17. Ne5 fxg4 18. Nxe4 dxe4 19. Bxe4 Bxe4 20. Qxe4 g3 21. Nf3
Qd5 22. Rae1 Qxa2 23. Ng5 Nf5 24. Nxe6 Rf7 25. Ng5 Rf6 26. d5 Qxb2 27. d6 Rcf8
28. Qd5+ Kh8 29. d7 Nd6 30. Re8 Qa3 31. d8=Q Rxe8 32. Q8xd6 Qxd6 33. Nf7+ Rxf7
34. Qxd6 1-0